|
|
|
|
| LEADER |
01232nam a2200325 a 4500 |
| 001 |
3121 |
| 003 |
BD-DhAAL |
| 005 |
20150610123148.0 |
| 008 |
150610s1991 caua b 001 0 eng |
| 010 |
|
|
|a 91020160
|
| 020 |
|
|
|a 0803939949
|
| 020 |
|
|
|a 0803939957 (pbk.)
|
| 040 |
|
|
|a DLC
|c DLC
|d DLC
|d BD-DhAAL
|
| 050 |
0 |
0 |
|a HD38
|b .A664 1991
|
| 082 |
0 |
0 |
|a 658/.001/9
|2 20
|
| 245 |
0 |
0 |
|a Applied impression management :
|b how image-making affects managerial decisions /
|c Robert A. Giacalone, Paul Rosenfeld, editors.
|
| 260 |
|
|
|a Newbury Park, Calif. :
|b Sage Publications,
|c c1991.
|
| 300 |
|
|
|a x, 294 p. :
|b ill. ;
|c 23 cm.
|
| 490 |
0 |
|
|a Sage focus editions ;
|v 135
|
| 504 |
|
|
|a Includes bibliographical references and index.
|
| 541 |
|
|
|e 3121
|
| 650 |
|
0 |
|a Management
|x Psychological aspects.
|9 11891
|
| 650 |
|
0 |
|a Self-presentation.
|9 11892
|
| 650 |
|
0 |
|a Organizational behavior.
|9 11893
|
| 650 |
|
0 |
|a Psychology, Industrial.
|9 11894
|
| 700 |
1 |
|
|a Giacalone, Robert A.
|9 11895
|
| 700 |
1 |
|
|a Rosenfeld, Paul.
|9 11896
|
| 942 |
|
|
|2 ddc
|c BK
|
| 999 |
|
|
|c 34684
|d 34684
|
| 952 |
|
|
|0 0
|1 0
|2 ddc
|4 0
|6 658_001900000000000_APP
|7 0
|9 54236
|a SCL
|b SCL
|c GEN
|d 2015-06-10
|e Gift: The Asia Foundation
|l 0
|o 658.0019 APP
|p 3020003121
|r 2015-06-10
|t 1
|w 2015-06-10
|y BK
|